[Event "HUN-ch U8-U18 2019"]
[Site "Balatonlelle"]
[Date "2019.06.28"]
[Round "9.15"]
[White "Papp, Levente"]
[Black "Horvath, Balazs"]
[Result "1-0"]
[WhiteElo "2350"]
[BlackElo "2139"]
[Annotator "NA"]
[PlyCount "47"]
[EventDate "2019.06.21"]
[EventType "swiss"]
[EventCountry "HUN"]
[SourceTitle "playchess.com"]
[Source "ChessBase"]
[SourceQuality "1"]

1. c4 Nf6 2. Nc3 g6 3. g3 Bg7 4. Bg2 O-O 5. e4 e5 6. Nge2 d6 7. O-O Be6 8. d3 Qd7 9. Bg5 c6 10. Qd2 Bh3 11. f4 Bxg2 12. Kxg2 Ne8 13. f5 f6 14. Be3 Nc7 15. d4 Rd8 16. Rad1 b5 17. dxe5 dxe5 18. Qc2 Qe8 19. Rxd8 Qxd8 20. cxb5 cxb5 21. Nxb5 Nxb5 22. Qb3+ Kh8 23. Qxb5 gxf5 24. Qb7 1-0

[Event "HUN-ch U8-U18 2019"]
[Site "Balatonlelle"]
[Date "2019.06.28"]
[Round "9.15"]
[White "Petervari, Szabolcs"]
[Black "Csidey, Csongor"]
[Result "1/2-1/2"]
[WhiteElo "1816"]
[BlackElo "1708"]
[Annotator "NA"]
[PlyCount "131"]
[EventDate "2019.06.21"]
[EventType "swiss"]
[EventCountry "HUN"]
[SourceTitle "playchess.com"]
[Source "ChessBase"]
[SourceQuality "1"]

1. b3 e5 2. Bb2 Nc6 3. e3 Nf6 4. Bb5 Bd6 5. Nf3 Qe7 6. d3 a6 7. Bxc6 dxc6 8. Nbd2 Bg4 9. h3 Bh5 10. g4 Bg6 11. e4 Nd7 12. h4 f6 13. h5 Bf7 14. Nf1 O-O-O 15. Ne3 g6 16. Qe2 Bb4+ 17. c3 Ba3 18. O-O-O Bxb2+ 19. Kxb2 Nc5 20. Ne1 Be6 21. f3 Qf7 22. d4 Bxb3 23. dxc5 Bxd1 24. Nxd1 Qd7 25. Nc2 f5 26. hxg6 fxg4 27. Rxh7 gxf3 28. Qxf3 Rxh7 29. gxh7 Qxh7 30. Nde3 Qe7 31. Qf5+ Kb8 32. Ng4 Qxc5 33. Nxe5 Qb5+ 34. Kc1 Ka8 35. Nf7 Qxf5 36. exf5 Rf8 37. Ng5 Rxf5 38. Ne6 Re5 39. Ned4 c5 40. Nb3 b5 41. Kb2 Ka7 42. Nd2 Kb6 43. Nb3 c4 44. Nc1 c5 45. a3 Ka5 46. Na2 Ka4 47. Nc1 a5 48. Na2 Re2 49. Kb1 Rxc2 50. Kxc2 Kxa3 51. Nc1 b4 52. cxb4 cxb4 53. Ne2 a4 54. Kb1 b3 55. Nc3 Kb4 56. Nd5+ Kc5 57. Nc3 a3 58. Ka1 Kd4 59. Nb5+ Kd3 60. Nxa3 c3 61. Kb1 Kd2 62. Nc4+ Kd1 63. Ne3+ Ke2 64. Nd5 c2+ 65. Kc1 b2+ 66. Kxc2 1/2-1/2

[Event "HUN-ch U8-U18 2019"]
[Site "Balatonlelle"]
[Date "2019.06.28"]
[Round "9.16"]
[White "Bohus, Adam"]
[Black "Udvardi, Zalan"]
[Result "1-0"]
[WhiteElo "2196"]
[BlackElo "2211"]
[Annotator "NA"]
[PlyCount "53"]
[EventDate "2019.06.21"]
[EventType "swiss"]
[EventCountry "HUN"]
[SourceTitle "playchess.com"]
[Source "ChessBase"]
[SourceQuality "1"]

1. d4 Nf6 2. c4 c5 3. d5 e6 4. Nc3 exd5 5. cxd5 d6 6. e4 g6 7. f4 Bg7 8. Bb5+ Nfd7 9. a4 Qh4+ 10. g3 Qe7 11. Nf3 O-O 12. O-O Na6 13. e5 Nb4 14. Ne4 Nb6 15. Nxd6 N6xd5 16. Qb3 Be6 17. Bc4 Nb6 18. Bxe6 fxe6 19. Be3 Na6 20. Rac1 Nd5 21. Bxc5 Nxc5 22. Rxc5 b6 23. Rxd5 exd5 24. Qxd5+ Kh8 25. Ng5 Bh6 26. Ndf7+ Kg7 27. Ne6+ 1-0

[Event "HUN-ch U8-U18 2019"]
[Site "Balatonlelle"]
[Date "2019.06.28"]
[Round "9.16"]
[White "Kardos, Levente"]
[Black "Kun, Balint"]
[Result "0-1"]
[WhiteElo "1629"]
[BlackElo "1813"]
[Annotator "NA"]
[PlyCount "100"]
[EventDate "2019.06.21"]
[EventType "swiss"]
[EventCountry "HUN"]
[SourceTitle "playchess.com"]
[Source "ChessBase"]
[SourceQuality "1"]

1. d4 d5 2. c4 dxc4 3. e3 a6 4. a4 Nc6 5. Bxc4 Nf6 6. Nc3 e6 7. Nf3 Bb4 8. Qc2 O-O 9. O-O Qe7 10. Bd2 Rd8 11. Na2 Bxd2 12. Nxd2 Bd7 13. b4 Rac8 14. b5 axb5 15. Bxb5 Na5 16. Bxd7 Qxd7 17. Nb3 Qxa4 18. Nac1 Qc6 19. Qxc6 Nxc6 20. Nd3 b6 21. Rfc1 Ne7 22. Nb4 Nfd5 23. Nxd5 Nxd5 24. Rc4 Ra8 25. Rca4 Rxa4 26. Rxa4 h6 27. Rc4 Ra8 28. g3 Ra3 29. Nd2 Rc3 30. Rxc3 Nxc3 31. Nb3 Kf8 32. Kf1 Ke7 33. Ke1 Kd6 34. f3 Kd5 35. Kd2 Kc4 36. Kc2 Nd5 37. Nd2+ Kb4 38. Kd3 Nf6 39. e4 b5 40. Kc2 c5 41. dxc5 Kxc5 42. Kc3 b4+ 43. Kb3 Nd7 44. Nc4 f6 45. f4 g5 46. h3 gxf4 47. gxf4 Kd4 48. Nd6 Nc5+ 49. Kxb4 Nxe4 50. Nxe4 Kxe4 0-1

[Event "HUN-ch U8-U18 2019"]
[Site "Balatonlelle"]
[Date "2019.06.28"]
[Round "9.17"]
[White "Vodila, Martin Botond"]
[Black "Miszler, Levente"]
[Result "1/2-1/2"]
[WhiteElo "2243"]
[BlackElo "2041"]
[Annotator "NA"]
[PlyCount "59"]
[EventDate "2019.06.21"]
[EventType "swiss"]
[EventCountry "HUN"]
[SourceTitle "playchess.com"]
[Source "ChessBase"]
[SourceQuality "1"]

1. e4 e6 2. d4 d5 3. exd5 exd5 4. Bd3 Bd6 5. Ne2 Ne7 6. Nbc3 O-O 7. Nb5 Bf5 8. O-O c6 9. Nxd6 Qxd6 10. Bf4 Qg6 11. Ng3 Bxd3 12. Qxd3 Qxd3 13. cxd3 Ng6 14. Bd6 Rd8 15. Nf5 Nf8 16. Rae1 g6 17. Be7 Rd7 18. Nh6+ Kg7 19. Ng4 f5 20. Nf6 Rxe7 21. Rxe7+ Kxf6 22. Re8 Ne6 23. Re1 Nc7 24. Rf8+ Kg7 25. Rc8 Nba6 26. Re7+ Kf6 27. Rcxc7 Nxc7 28. Rxc7 Re8 29. Kf1 Re7 30. Rc8 1/2-1/2

[Event "HUN-ch U8-U18 2019"]
[Site "Balatonlelle"]
[Date "2019.06.28"]
[Round "9.17"]
[White "Konyves, Almos"]
[Black "Tran, David"]
[Result "1-0"]
[WhiteElo "2125"]
[BlackElo "2078"]
[Annotator "NA"]
[PlyCount "69"]
[EventDate "2019.06.21"]
[EventType "swiss"]
[EventCountry "HUN"]
[SourceTitle "playchess.com"]
[Source "ChessBase"]
[SourceQuality "1"]

1. d4 Nf6 2. Nf3 c5 3. d5 b5 4. Bg5 Ne4 5. Bf4 Qa5+ 6. Nbd2 Bb7 7. a4 Nxd2 8. Bxd2 b4 9. e4 e6 10. Bc4 Be7 11. Be3 Qc7 12. O-O O-O 13. Re1 e5 14. d6 Bxd6 15. Ng5 Be7 16. Qh5 Bxg5 17. Bxg5 Nc6 18. Re3 Qd6 19. Rd1 Qg6 20. Qxg6 hxg6 21. Rxd7 Na5 22. Ba2 c4 23. Be7 b3 24. cxb3 cxb3 25. Bxb3 Rfc8 26. Bd1 Rc1 27. Re1 Rac8 28. Bb4 Bc6 29. Rxa7 Nc4 30. Bg4 Rxe1+ 31. Bxe1 Rd8 32. Rc7 Rd6 33. Bb4 Rf6 34. Be7 Rf4 35. f3 1-0

[Event "HUN-ch U8-U18 2019"]
[Site "Balatonlelle"]
[Date "2019.06.28"]
[Round "9.18"]
[White "Bodrogi, Bendeguz"]
[Black "Palczert, Matyas"]
[Result "0-1"]
[WhiteElo "1925"]
[BlackElo "2007"]
[Annotator "NA"]
[PlyCount "74"]
[EventDate "2019.06.21"]
[EventType "swiss"]
[EventCountry "HUN"]
[SourceTitle "playchess.com"]
[Source "ChessBase"]
[SourceQuality "1"]

1. c4 f5 2. g3 Nf6 3. Bg2 e6 4. d4 c6 5. Nf3 d5 6. O-O Bd6 7. b3 Qe7 8. a4 a5 9. Ba3 Bb4 10. Qc2 O-O 11. Bxb4 axb4 12. Nbd2 Ne4 13. Ne5 Nd7 14. Ndf3 Ndf6 15. Nd3 b6 16. Nfe5 Bb7 17. f3 Ng5 18. c5 bxc5 19. Qxc5 Qxc5 20. Nxc5 Ra7 21. Rac1 Rc8 22. Ned3 Rb8 23. Nxb4 Ba8 24. Nbd3 Nd7 25. Nxd7 Rxd7 26. Nc5 Re7 27. f4 Nf7 28. Rc3 Nd6 29. Kf2 Rb4 30. e3 Nb7 31. Nd3 Rb6 32. Rb1 Re8 33. b4 Rb8 34. Ne5 Na5 35. b5 cxb5 36. Nd7 b4 37. Nxb6 bxc3 0-1

[Event "HUN-ch U8-U18 2019"]
[Site "Balatonlelle"]
[Date "2019.06.28"]
[Round "9.18"]
[White "Pesti, Mate"]
[Black "Kaloczi, Kristof"]
[Result "1/2-1/2"]
[WhiteElo "1925"]
[BlackElo "2098"]
[Annotator "NA"]
[PlyCount "23"]
[EventDate "2019.06.21"]
[EventType "swiss"]
[EventCountry "HUN"]
[SourceTitle "playchess.com"]
[Source "ChessBase"]
[SourceQuality "1"]

1. e4 e6 2. d4 d5 3. e5 c5 4. c3 Qb6 5. Bd3 Bd7 6. Nf3 Bb5 7. dxc5 Bxc5 8. b4 Be7 9. Be3 Qa6 10. Bxb5+ Qxb5 11. Na3 Qd7 12. Qd2 1/2-1/2

[Event "HUN-ch U8-U18 2019"]
[Site "Balatonlelle"]
[Date "2019.06.28"]
[Round "9.19"]
[White "Kresz, Adam"]
[Black "Pogany, Zsombor"]
[Result "0-1"]
[WhiteElo "1949"]
[BlackElo "2121"]
[Annotator "NA"]
[PlyCount "180"]
[EventDate "2019.06.21"]
[EventType "swiss"]
[EventCountry "HUN"]
[SourceTitle "playchess.com"]
[Source "ChessBase"]
[SourceQuality "1"]

1. e4 Nf6 2. e5 Nd5 3. d4 d6 4. Nf3 dxe5 5. Nxe5 c6 6. Bc4 Bf5 7. h3 Nd7 8. Nf3 e6 9. O-O Be7 10. Bb3 b5 11. Nc3 Qb6 12. a4 b4 13. Nxd5 cxd5 14. a5 Qc7 15. Bg5 f6 16. Be3 g5 17. Nxg5 fxg5 18. Bxg5 Bxg5 19. Qh5+ Bg6 20. Qxg5 O-O 21. Qe7 Rae8 22. Qxb4 Qf4 23. Ba4 Rf7 24. Ra3 Rb8 25. Qe1 Nf8 26. Qd1 Be4 27. Rg3+ Ng6 28. Rg4 Qf6 29. Bb3 h5 30. Rg3 h4 31. Rc3 Rg7 32. g3 Nf4 33. Kh2 Qf5 34. g4 Qf8 35. f3 Bg6 36. Qe1 Qd6 37. Qe5 Qxe5 38. dxe5 Ne2 39. Rc5 Nd4 40. Ba4 Rxb2 41. f4 Bxc2 42. Rf2 Nf3+ 43. Kg2 Ne1+ 44. Kh2 d4 45. Rc8+ Kh7 46. Bxc2+ d3 47. Bxd3+ Nxd3 48. Rxb2 Nxb2 49. Re8 Nd3 50. Rxe6 Nxf4 51. Rf6 Ng6 52. Rf5 Re7 53. Kg2 Kg7 54. Rf6 Nxe5 55. Ra6 Rf7 56. Re6 Ng6 57. Rd6 Kh6 58. Rc6 Kg5 59. Rc4 Nf4+ 60. Kh2 Rd7 61. Rc3 Rd2+ 62. Kh1 Rd5 63. a6 Rd6 64. Rc5+ Kg6 65. Rf5 Nxh3 66. Rh5 Nf2+ 67. Kg2 Nxg4 68. Rxh4 Kg5 69. Rh8 Rxa6 70. Kf3 Nf6 71. Ke3 Ra4 72. Kd3 Kf5 73. Kc3 Ne4+ 74. Kb3 Nc5+ 75. Kc3 Ke6 76. Rd8 Nd7 77. Kb3 Ra1 78. Rc8 Rb1+ 79. Ka3 Kd6 80. Rh8 Kc6 81. Rh6+ Kb5 82. Rh7 Rd1 83. Rh5+ Nc5 84. Rh8 Rd3+ 85. Ka2 a5 86. Rb8+ Ka4 87. Rc8 Rd2+ 88. Kb1 Kb4 89. Kc1 Nb3+ 90. Kb1 Ka3 0-1

[Event "HUN-ch U8-U18 2019"]
[Site "Balatonlelle"]
[Date "2019.06.28"]
[Round "9.19"]
[White "Kasnya, Peter"]
[Black "Tancsa, Tamas"]
[Result "0-1"]
[WhiteElo "1496"]
[BlackElo "2158"]
[Annotator "NA"]
[PlyCount "44"]
[EventDate "2019.06.21"]
[EventType "swiss"]
[EventCountry "HUN"]
[SourceTitle "playchess.com"]
[Source "ChessBase"]
[SourceQuality "1"]

1. e4 e5 2. Nf3 Nc6 3. Bc4 Nf6 4. d3 h6 5. c3 d6 6. a4 g5 7. h3 Bg7 8. O-O O-O 9. Re1 d5 10. exd5 Nxd5 11. Na3 Bf5 12. Bb3 Qd7 13. Nc4 Rfe8 14. Bc2 Rad8 15. a5 Nf4 16. Bxf4 gxf4 17. a6 b5 18. Na5 Nxa5 19. Rxa5 c6 20. c4 bxc4 21. dxc4 Qc7 22. Qa1 Bxc2 0-1

[Event "HUN-ch U8-U18 2019"]
[Site "Balatonlelle"]
[Date "2019.06.28"]
[Round "9.20"]
[White "Barasits, Balint"]
[Black "Varga, Marcell"]
[Result "1-0"]
[WhiteElo "2022"]
[BlackElo "2106"]
[Annotator "NA"]
[PlyCount "73"]
[EventDate "2019.06.21"]
[EventType "swiss"]
[EventCountry "HUN"]
[SourceTitle "playchess.com"]
[Source "ChessBase"]
[SourceQuality "1"]

1. e4 e5 2. Nf3 Nc6 3. d4 exd4 4. Nxd4 Nf6 5. Nc3 Bb4 6. Nxc6 bxc6 7. Bd3 d5 8. exd5 cxd5 9. O-O O-O 10. h3 c6 11. Qf3 Re8 12. Bf4 Bd6 13. Rfe1 Be6 14. Ne2 Rb8 15. b3 c5 16. Bxd6 Qxd6 17. Nf4 Nd7 18. Rad1 Rb4 19. Nxe6 fxe6 20. Bxh7+ Kh8 21. Bg6 Reb8 22. Qh5+ Kg8 23. Qh7+ Kf8 24. Qh8+ Ke7 25. Qxg7+ Kd8 26. Qg8+ Nf8 27. Bf7 Kd7 28. Qg7 Kc6 29. Qe5 Kd7 30. Bxe6+ Qxe6 31. Qg7+ Kd6 32. Rxe6+ Nxe6 33. Qxa7 R8b7 34. Qa6+ R7b6 35. Qd3 Nf4 36. Qh7 Rb7 37. Qh6+ 1-0

[Event "HUN-ch U8-U18 2019"]
[Site "Balatonlelle"]
[Date "2019.06.28"]
[Round "9.20"]
[White "Megyaszai, Balazs"]
[Black "Kolimar, Kristof Pal"]
[Result "0-1"]
[WhiteElo "1905"]
[BlackElo "1979"]
[Annotator "NA"]
[PlyCount "66"]
[EventDate "2019.06.21"]
[EventType "swiss"]
[EventCountry "HUN"]
[SourceTitle "playchess.com"]
[Source "ChessBase"]
[SourceQuality "1"]

1. e4 c5 2. Nf3 e6 3. d4 cxd4 4. Nxd4 a6 5. Nc3 Qc7 6. Qf3 Nc6 7. Be3 Nf6 8. O-O-O Be7 9. Be2 O-O 10. Qg3 d6 11. f4 Nd7 12. h4 b5 13. Nxc6 Qxc6 14. Bd4 f6 15. a3 Nc5 16. Bf3 Bb7 17. h5 a5 18. h6 g6 19. e5 d5 20. exf6 Bd6 21. Be5 Bxe5 22. fxe5 Qb6 23. Bh5 Kh8 24. Bxg6 Rg8 25. Rh4 Rxg6 26. Rg4 b4 27. Nxd5 Bxd5 28. Rxg6 Ne4 29. Qg4 Qe3+ 30. Kb1 Nf2 31. Qh4 Nxd1 32. f7 Qxe5 33. Rf6 Qxb2# 0-1

[Event "HUN-ch U8-U18 2019"]
[Site "Balatonlelle"]
[Date "2019.06.28"]
[Round "9.21"]
[White "Turcsanyi, Vince Gergo"]
[Black "Magold, Filip"]
[Result "0-1"]
[WhiteElo "1816"]
[BlackElo "1906"]
[Annotator "NA"]
[PlyCount "68"]
[EventDate "2019.06.21"]
[EventType "swiss"]
[EventCountry "HUN"]
[SourceTitle "playchess.com"]
[Source "ChessBase"]
[SourceQuality "1"]

1. e4 c5 2. Nc3 a6 3. Nf3 e6 4. g3 Nc6 5. Bg2 Nf6 6. O-O d6 7. d4 cxd4 8. Nxd4 Be7 9. Nb3 O-O 10. f4 Qc7 11. g4 Nd7 12. Rf3 Rd8 13. Rh3 b5 14. g5 Nf8 15. Be3 Bb7 16. Qh5 Na5 17. Nxa5 Qxa5 18. f5 exf5 19. exf5 Bxg2 20. Kxg2 b4 21. f6 gxf6 22. Qh6 fxg5 23. Bd4 f6 24. Re1 Rd7 25. Rxe7 Rxe7 26. Qxf6 Ng6 27. Rh6 bxc3 28. Rxg6+ hxg6 29. Qh8+ Kf7 30. Qxa8 Qf5 31. Qf3 cxb2 32. Qb3+ d5 33. Qxb2 Re2+ 34. Kg1 Qg4+ 0-1

[Event "HUN-ch U8-U18 2019"]
[Site "Balatonlelle"]
[Date "2019.06.28"]
[Round "9.21"]
[White "Szabo, Andrea Erzsebet"]
[Black "Erseki, Tamara"]
[Result "0-1"]
[WhiteElo "1582"]
[BlackElo "1999"]
[Annotator "NA"]
[PlyCount "42"]
[EventDate "2019.06.21"]
[EventType "swiss"]
[EventCountry "HUN"]
[SourceTitle "playchess.com"]
[Source "ChessBase"]
[SourceQuality "1"]

1. d4 d5 2. c4 dxc4 3. Qa4+ c6 4. Qxc4 Be6 5. Qd3 Nf6 6. Nf3 g6 7. Bf4 Bg7 8. Nc3 Na6 9. Qd2 Bf5 10. a3 O-O 11. Bh6 Qb6 12. Bxg7 Kxg7 13. e3 Rad8 14. Nh4 Be6 15. Bd3 c5 16. Nf3 cxd4 17. Nxd4 Nc5 18. b4 Nb3 19. Nxb3 Bxb3 20. Qe2 Qc6 21. Rc1 Qxg2 0-1

[Event "HUN-ch U8-U18 2019"]
[Site "Balatonlelle"]
[Date "2019.06.28"]
[Round "9.22"]
[White "Toth, Nikoletta"]
[Black "Karacsonyi, Kata"]
[Result "1-0"]
[WhiteElo "2010"]
[BlackElo "1798"]
[Annotator "NA"]
[PlyCount "101"]
[EventDate "2019.06.21"]
[EventType "swiss"]
[EventCountry "HUN"]
[SourceTitle "playchess.com"]
[Source "ChessBase"]
[SourceQuality "1"]

1. d4 Nf6 2. Bf4 d5 3. e3 e6 4. Nf3 c5 5. c3 Bd6 6. Nbd2 Bxf4 7. exf4 O-O 8. dxc5 Qc7 9. g3 Qxc5 10. Bd3 Nc6 11. O-O a6 12. a4 Rb8 13. Nb3 Qd6 14. Qe2 Rd8 15. Rfd1 Qc7 16. Ne5 Na5 17. Nd4 Nc6 18. Ndf3 Bd7 19. Ng5 Be8 20. Ng4 h6 21. Nxf6+ gxf6 22. Nh7 f5 23. Nf6+ Kg7 24. Nh5+ Kh8 25. Nf6 Kg7 26. Nxe8+ Rxe8 27. b4 d4 28. Qb2 e5 29. Bxf5 exf4 30. cxd4 fxg3 31. hxg3 Kg8 32. b5 axb5 33. axb5 Ne7 34. Bh3 Red8 35. Bg2 Qb6 36. Qb4 Nf5 37. Qc5 Qf6 38. d5 Rbc8 39. Qb4 Nd6 40. Rac1 Qe5 41. b6 Ra8 42. Qg4+ Qg5 43. Qd4 Qg7 44. Qb4 Qf6 45. Qb3 Ra6 46. Bf1 Ra5 47. Qb4 Ra2 48. Rd2 Raa8 49. Rdc2 Rac8 50. Rxc8 Nxc8 51. Rxc8 1-0

[Event "HUN-ch U8-U18 2019"]
[Site "Balatonlelle"]
[Date "2019.06.28"]
[Round "9.22"]
[White "Szarka, Tibor"]
[Black "Szikszai, Bertalan"]
[Result "0-1"]
[WhiteElo "1379"]
[BlackElo "1896"]
[Annotator "NA"]
[PlyCount "120"]
[EventDate "2019.06.21"]
[EventType "swiss"]
[EventCountry "HUN"]
[SourceTitle "playchess.com"]
[Source "ChessBase"]
[SourceQuality "1"]

1. e4 c5 2. Nf3 e6 3. d4 cxd4 4. Nxd4 Bc5 5. Nb3 Bb6 6. Bd3 Ne7 7. Nc3 Nbc6 8. Qe2 O-O 9. Be3 f5 10. O-O-O fxe4 11. Bxe4 d5 12. Bxb6 Qxb6 13. Bd3 Qxf2 14. Qh5 g6 15. Qh6 Qf4+ 16. Qxf4 Rxf4 17. Nb5 e5 18. Rhf1 Rxf1 19. Rxf1 Bf5 20. Bxf5 Nxf5 21. Nc5 b6 22. Ne6 Rc8 23. g4 Ne3 24. Rf3 Nc4 25. b3 e4 26. Rf6 N4e5 27. Nd6 Rb8 28. h3 a5 29. g5 Nb4 30. Kd2 Na6 31. Ke3 Nc6 32. Rf7 Ne5 33. Re7 Nb4 34. Ne8 Rxe8 35. Rxe8+ Kf7 36. Nc7 Nf3 37. Rh8 Nxc2+ 38. Kf2 Nxg5 39. Nxd5 Nxh3+ 40. Ke2 h5 41. Kd2 Nb4 42. Nxb4 axb4 43. Rb8 Nf4 44. Rb7+ Kf6 45. Rxb6+ Kf5 46. Rxb4 e3+ 47. Kd1 e2+ 48. Kd2 e1=Q+ 49. Kxe1 Nd3+ 50. Kf1 Nxb4 51. a3 Nc6 52. b4 Nxb4 53. axb4 Ke5 54. Kg2 Kd5 55. Kh3 Kc4 56. Kh4 Kxb4 57. Kg5 Kc4 58. Kh4 Kd4 59. Kg5 Ke4 60. Kh4 Kf4 0-1

[Event "HUN-ch U8-U18 2019"]
[Site "Balatonlelle"]
[Date "2019.06.28"]
[Round "9.23"]
[White "Herczeg, Marcell"]
[Black "Szegedy, Matyas"]
[Result "0-1"]
[WhiteElo "1783"]
[BlackElo "1806"]
[Annotator "NA"]
[PlyCount "128"]
[EventDate "2019.06.21"]
[EventType "swiss"]
[EventCountry "HUN"]
[SourceTitle "playchess.com"]
[Source "ChessBase"]
[SourceQuality "1"]

1. e4 c5 2. Nf3 e6 3. d4 cxd4 4. Nxd4 Nf6 5. Bd3 d6 6. c4 a6 7. O-O Be7 8. Be3 Qc7 9. Nc3 Nbd7 10. Qe2 b6 11. Rac1 Bb7 12. b3 O-O 13. f3 Rac8 14. g4 Ne5 15. Bb1 h6 16. Qf2 Nh7 17. Qg3 Ng6 18. f4 e5 19. fxe5 dxe5 20. Nd5 Bxd5 21. cxd5 Qd7 22. Nc6 Bd6 23. Rce1 Nf4 24. Kh1 Rxc6 25. dxc6 Qxc6 26. Rxf4 exf4 27. Bxf4 Bxf4 28. Qxf4 Ng5 29. Rc1 Qd7 30. h4 Ne6 31. Qe3 Qd4 32. Qxd4 Nxd4 33. Bd3 a5 34. Kg2 Rd8 35. Kf2 Nxb3 36. Rc3 Nc5 37. Ke3 Kf8 38. Bc4 Ke7 39. Bd5 f6 40. Rc2 Kd6 41. Kf4 Re8 42. Rd2 Kc7 43. Rg2 Re5 44. g5 hxg5+ 45. hxg5 Rxg5 46. Rxg5 fxg5+ 47. Kxg5 Kd6 48. Kf5 g6+ 49. Kxg6 Ke5 50. Kf7 Nxe4 51. Bb3 Nc5 52. Bc2 Kd4 53. Ke7 Kc3 54. Bh7 Kb2 55. Bg8 Ne4 56. Kd8 b5 57. Kc7 b4 58. Kb6 a4 59. Kb5 Ka3 60. Kc4 Nc3 61. Kd3 Nxa2 62. Kc2 b3+ 63. Kb1 Nc3+ 64. Kc1 b2+ 0-1

[Event "HUN-ch U8-U18 2019"]
[Site "Balatonlelle"]
[Date "2019.06.28"]
[Round "9.23"]
[White "Bodo, Boglarka"]
[Black "Sulyok, Eszter"]
[Result "0-1"]
[WhiteElo "1646"]
[BlackElo "1840"]
[Annotator "NA"]
[PlyCount "118"]
[EventDate "2019.06.21"]
[EventType "swiss"]
[EventCountry "HUN"]
[SourceTitle "playchess.com"]
[Source "ChessBase"]
[SourceQuality "1"]

1. e4 c5 2. Nf3 e6 3. c3 d5 4. exd5 Qxd5 5. d4 Nf6 6. Be3 cxd4 7. cxd4 Nc6 8. Nc3 Qd6 9. Bd3 Be7 10. O-O O-O 11. Bc2 Rd8 12. Qe2 a6 13. Rfd1 b5 14. Rac1 Bb7 15. a3 Rac8 16. Ng5 Qb8 17. Nce4 h6 18. Nxf6+ Bxf6 19. Nf3 Ne7 20. Ne1 Rd7 21. Qg4 Kh8 22. Qh5 Ng8 23. Nd3 Bxd4 24. Ne5 Bxe5 25. Rxd7 Nf6 26. Qxf7 Nxd7 27. Qxd7 Bxb2 28. Qd3 Kg8 29. Rd1 Bf6 30. Qh7+ Kf8 31. Bb3 Bd5 32. Bxd5 exd5 33. Rxd5 Rd8 34. f3 Qc7 35. Rxd8+ Qxd8 36. Qh8+ Ke7 37. Qxd8+ Kxd8 38. Bc5 Kc7 39. Kf2 Kc6 40. Bf8 Kd5 41. g4 a5 42. f4 Bd4+ 43. Ke2 Ke4 44. Bd6 g6 45. h3 Bc3 46. f5 gxf5 47. Bf8 f4 48. Bxh6 f3+ 49. Kf1 b4 50. axb4 axb4 51. Bc1 b3 52. g5 b2 53. Bxb2 Bxb2 54. h4 Kf4 55. Kf2 Kg4 56. g6 Bd4+ 57. Kf1 Kxh4 58. Ke1 Kg3 59. Kf1 f2 0-1

[Event "HUN-ch U8-U18 2019"]
[Site "Balatonlelle"]
[Date "2019.06.28"]
[Round "9.24"]
[White "Buri, Petra Zsuzsanna"]
[Black "Molnar, Liza Dorottya"]
[Result "1/2-1/2"]
[WhiteElo "1634"]
[BlackElo "1559"]
[Annotator "NA"]
[PlyCount "43"]
[EventDate "2019.06.21"]
[EventType "swiss"]
[EventCountry "HUN"]
[SourceTitle "playchess.com"]
[Source "ChessBase"]
[SourceQuality "1"]

1. e4 c5 2. Nf3 Nc6 3. c3 Nf6 4. e5 Nd5 5. d4 cxd4 6. cxd4 d6 7. exd6 Qxd6 8. Nc3 Bg4 9. Be2 g6 10. h3 Bxf3 11. Bxf3 Qe6+ 12. Ne2 Qd7 13. O-O Bg7 14. Be3 O-O 15. Qd2 Rfd8 16. Rfd1 Rac8 17. a3 e6 18. Bh6 Bh8 19. Rac1 Nde7 20. Be3 Nd5 21. Nc3 Nce7 22. Qe2 1/2-1/2

[Event "HUN-ch U8-U18 2019"]
[Site "Balatonlelle"]
[Date "2019.06.28"]
[Round "9.24"]
[White "Makay, Mark Janos"]
[Black "Marjanovic, Alex"]
[Result "0-1"]
[WhiteElo "1354"]
[BlackElo "1629"]
[Annotator "NA"]
[PlyCount "76"]
[EventDate "2019.06.21"]
[EventType "swiss"]
[EventCountry "HUN"]
[SourceTitle "playchess.com"]
[Source "ChessBase"]
[SourceQuality "1"]

1. e4 e5 2. Nf3 Nc6 3. Bc4 Nf6 4. Ng5 d5 5. exd5 Na5 6. Bb5+ c6 7. dxc6 bxc6 8. Qf3 Rb8 9. Be2 Bd6 10. Nc3 Bb7 11. Nge4 Be7 12. d3 c5 13. Qg3 Nxe4 14. dxe4 Bf6 15. O-O Nc6 16. Bb5 O-O 17. Bxc6 Bxc6 18. b3 Qe7 19. Bb2 Rfd8 20. Rad1 c4 21. Nd5 Bxd5 22. exd5 Rb5 23. Qf3 Qc5 24. d6 e4 25. Qxe4 Bxb2 26. Rfe1 Rbb8 27. d7 cxb3 28. axb3 Bc3 29. Re3 g6 30. Red3 Bg7 31. c4 Bf8 32. Qf4 Rb7 33. Qe4 Rc7 34. Rd5 Qa3 35. g3 Qxb3 36. c5 Rxc5 37. Rxc5 Qxd1+ 38. Kg2 Qxd7 0-1

[Event "HUN-ch U8-U18 2019"]
[Site "Balatonlelle"]
[Date "2019.06.28"]
[Round "9.25"]
[White "Puskas, Mihaly"]
[Black "Szabo, Marton Nandor"]
[Result "0-1"]
[WhiteElo "1458"]
[BlackElo "1665"]
[Annotator "NA"]
[PlyCount "66"]
[EventDate "2019.06.21"]
[EventType "swiss"]
[EventCountry "HUN"]
[SourceTitle "playchess.com"]
[Source "ChessBase"]
[SourceQuality "1"]

1. e4 c5 2. Nf3 d6 3. d4 cxd4 4. Nxd4 Nf6 5. Nc3 a6 6. Be3 Nbd7 7. Bd3 b5 8. a3 Bb7 9. b4 Rc8 10. Nde2 g6 11. O-O Bg7 12. Bd4 O-O 13. f4 e5 14. Be3 Ng4 15. Qd2 Nxe3 16. Qxe3 exf4 17. Qd2 Qc7 18. Na2 Bxa1 19. Rxa1 Qb6+ 20. Kh1 Qe3 21. Qxe3 fxe3 22. Nac3 Ne5 23. Nd1 d5 24. exd5 Bxd5 25. Nxe3 Bc4 26. Bxc4 Nxc4 27. Nd5 Kg7 28. Nec3 Ne3 29. Nxe3 Rxc3 30. Re1 Rxa3 31. h3 Re8 32. Nf5+ Kf8 33. Rxe8+ Kxe8 0-1

[Event "HUN-ch U8-U18 2019"]
[Site "Balatonlelle"]
[Date "2019.06.28"]
[Round "9.26"]
[White "Vancsisin, Mark"]
[Black "Gulacsi, Donat Ferenc"]
[Result "1/2-1/2"]
[WhiteElo "1246"]
[BlackElo "1638"]
[Annotator "NA"]
[PlyCount "67"]
[EventDate "2019.06.21"]
[EventType "swiss"]
[EventCountry "HUN"]
[SourceTitle "playchess.com"]
[Source "ChessBase"]
[SourceQuality "1"]

1. e4 c6 2. d4 d5 3. exd5 cxd5 4. Bd3 Nc6 5. c3 g6 6. Nf3 Bg7 7. O-O Nf6 8. Nbd2 O-O 9. Re1 a6 10. a4 Bg4 11. h3 Bd7 12. Nf1 Qc7 13. Ng3 Rab8 14. Be3 b5 15. axb5 axb5 16. Qd2 Qb6 17. Ne5 Rb7 18. Ne4 Nxe4 19. Bxe4 e6 20. Nxc6 Bxc6 21. Bd3 b4 22. Ra6 Qc7 23. Rc1 Bb5 24. Bf4 Qd7 25. Bxb5 Qxb5 26. Rca1 bxc3 27. bxc3 Qc4 28. Bd6 Rc8 29. R1a4 Qb5 30. Ra8 Qc6 31. Qc2 Rb1+ 32. Qxb1 Rxa8 33. Rxa8+ Qxa8 34. Qb2 1/2-1/2

[Event "HUN-ch U8-U18 2019"]
[Site "Balatonlelle"]
[Date "2019.06.28"]
[Round "9.27"]
[White "Toth, Barnabas"]
[Black "Foldes, Marton Gabor"]
[Result "1/2-1/2"]
[WhiteElo "1363"]
[BlackElo "1653"]
[Annotator "NA"]
[PlyCount "112"]
[EventDate "2019.06.21"]
[EventType "swiss"]
[EventCountry "HUN"]
[SourceTitle "playchess.com"]
[Source "ChessBase"]
[SourceQuality "1"]

1. e4 c5 2. Nf3 d6 3. d4 cxd4 4. Nxd4 Nf6 5. Nc3 e6 6. f3 a6 7. Be3 b5 8. Qd2 Bb7 9. O-O-O Nbd7 10. Kb1 Rc8 11. h4 d5 12. exd5 Nxd5 13. Nxd5 Bxd5 14. Bd3 Be7 15. h5 Ne5 16. Ne2 b4 17. Bd4 Qc7 18. Bxe5 Qxe5 19. Qf4 Qxf4 20. Nxf4 Bb7 21. Rhe1 Bh4 22. Re2 Bg3 23. Nh3 Rc5 24. Be4 Bc8 25. Rd4 a5 26. Red2 Ke7 27. h6 g6 28. R2d3 f5 29. f4 e5 30. fxe5 Bxe5 31. Rd5 fxe4 32. Rxc5 Bd6 33. Rxd6 Kxd6 34. Rc4 Bxh3 35. gxh3 Re8 36. Kc1 Re5 37. Rd4+ Kc6 38. h4 e3 39. Kd1 Rd5 40. Rxd5 Kxd5 41. Ke2 Ke4 42. c3 bxc3 43. bxc3 a4 44. a3 Kf4 45. c4 Ke4 46. c5 Kd5 47. c6 Kxc6 48. Kxe3 Kc5 49. Kd3 Kd5 50. Kc3 Kc5 51. Kd3 Kd5 52. Kc3 Ke4 53. Kb4 Kf4 54. Kxa4 Kg4 55. Kb3 Kxh4 56. a4 g5 1/2-1/2